Statistics for Kurt Angle at WrestleMania

Click here to take the quiz!

General Stats

  • This quiz has been taken 149 times
  • The average score is 11 of 12

Answer Stats

Event / YearType of MatchAnswer% Correct
WrestleMania 34Mixed Tag Team MatchTriple H
97%
WrestleMania 34Mixed Tag Team MatchStephanie McMahon
93%
WrestleMania 21Singles MatchShawn Michaels
91%
WrestleMania 2000Triple Threat MatchChris Jericho
90%
WrestleMania 35Singles MatchBaron Corbin
89%
WrestleMania 22Triple Threat MatchRandy Orton
89%
WrestleMania XIXSingles MatchBrock Lesnar
88%
WrestleMania 2000Triple Threat MatchChris Benoit
88%
WrestleMania X-SevenSingles MatchChris Benoit
88%
WrestleMania 22Triple Threat MatchRey Mysterio
87%
WrestleMania XXSingles MatchEddie Guerrero
81%
WrestleMania X8Singles MatchKane
75%

Score Distribution

Percentile by Number Answered

Percent of People with Each Score

Your Score History

You have not taken this quiz